Shade trees for North Carolina / (Record no. 24752)

MARC details
000 -LEADER
fixed length control field 00689cam a22002171 4500
001 - CONTROL NUMBER
control field gs 08000326
003 - CONTROL NUMBER IDENTIFIER
control field DLC
005 - DATE AND TIME OF LATEST TRANSACTION
control field 20260227111308.0
008 - FIXED-LENGTH DATA ELEMENTS--GENERAL INFORMATION
fixed length control field 750616s1908 xx 000 0 eng
010 ## - LIBRARY OF CONGRESS CONTROL NUMBER
LC control number gs 08000326
035 ## - SYSTEM CONTROL NUMBER
System control number (OCoLC)1394302
040 ## - CATALOGING SOURCE
Original cataloging agency DLC
Transcribing agency OT
Modifying agency DLC
042 ## - AUTHENTICATION CODE
Authentication code premarc
050 00 - LIBRARY OF CONGRESS CALL NUMBER
Classification number SB435
Item number .A82
100 1# - MAIN ENTRY--PERSONAL NAME
Personal name Ashe, W. W.
Fuller form of name (William Willard),
Dates associated with a name 1872-1932.
245 10 - TITLE STATEMENT
Title Shade trees for North Carolina /
Statement of responsibility, etc. by W. W. Ashe ...
260 ## - PUBLICATION, DISTRIBUTION, ETC.
Place of publication, distribution, etc. Raleigh :
Name of publisher, distributor, etc. E. M. Uzell, state printers and binders,
Date of publication, distribution, etc. 1908.
300 ## - PHYSICAL DESCRIPTION
Extent 74 p. :
Other physical details ill., x pl. ;
Dimensions 26 cm.
410 20 - SERIES STATEMENT/ADDED ENTRY--CORPORATE NAME [OBSOLETE, CAN/MARC], [LOCAL, USA]
Corporate name or jurisdiction name as entry element North Carolina Geological and Economic Survey.
Volume number/sequential designation Bulletin no. 16
650 #0 - SUBJECT ADDED ENTRY--TOPICAL TERM
Topical term or geographic name entry element Trees
Geographic subdivision North Carolina.

No items available.

Powered by Koha